000 00292 a2200145 4500
001 64207
040 _cAnchieta - Pituba
100 _aAlencar, José de
240 1 0 _aO guarani
_lpor
245 1 0 _aO guarani
300 _a414
362 0 _a20
650 4 _aFicção brasileira
942 _cBK
999 _c64207
_d64207